Význam certifikačních ochranných známek a jejich právní úprava nejen v rámci Evropské unie

Predstavenie certifikačnej ochrannej známky, a to nielen z pohľadu právnej úpravy v rámci Európskej únie, ale aj v mimoeuropských krajinách. Hlavné rozdiely v právnych ustanoveniach certifikačnej ochrannej známky v krajinách s odlišnými právnymi systémami, ktoré sú vnímané z pohľadu vybraných krajín...

Descripción completa

Guardado en:
Detalles Bibliográficos
Autor principal: Adlerová, Eva
Formato: Capítulo de libro
Lenguaje:checo
Materias:
Etiquetas: Agregar Etiqueta
Sin Etiquetas, Sea el primero en etiquetar este registro!

MARC

LEADER 00000naa a2200000 4500
001 0277887
005 20210818091540.5
041 0 |a cze 
044 |a SK 
245 1 0 |a Význam certifikačních ochranných známek a jejich právní úprava nejen v rámci Evropské unie  |c Eva Adlerová 
520 |a Predstavenie certifikačnej ochrannej známky, a to nielen z pohľadu právnej úpravy v rámci Európskej únie, ale aj v mimoeuropských krajinách. Hlavné rozdiely v právnych ustanoveniach certifikačnej ochrannej známky v krajinách s odlišnými právnymi systémami, ktoré sú vnímané z pohľadu vybraných krajín, ktoré sú predstaviteľmi anglo-amerického a zmiešaného právneho systému, ktorý je v niektorých aspektoch úplne odlišný od kontinentálneho právneho systému, ktorý nachádzame v rámci Európskej únie. 
610 2 0 |a známky ochranné 
610 2 0 |a systémy právne 
610 2 0 |a Európska únia 
610 2 0 |a certifikáty 
100 1 |a Adlerová, Eva